Beckmann and Lings obstetrics and gynecology / (Record no. 32491)

000 -LEADER
fixed length control field 00671nam a22002057a 4500
008 - FIXED-LENGTH DATA ELEMENTS--GENERAL INFORMATION
fixed length control field 260604b |||||||| |||| 00| 0 eng d
020 ## - INTERNATIONAL STANDARD BOOK NUMBER
International Standard Book Number 9781975180645
050 ## - LIBRARY OF CONGRESS CALL NUMBER
Classification number RG101
Item number .O24 2024
100 ## - MAIN ENTRY--PERSONAL NAME
Personal name Casanova Robert
245 ## - TITLE STATEMENT
Title Beckmann and Lings obstetrics and gynecology /
Statement of responsibility, etc. Robert Casanova ...[et al.].
250 ## - EDITION STATEMENT
Edition statement 9th ed.
260 ## - PUBLICATION, DISTRIBUTION, ETC. (IMPRINT)
Place of publication, distribution, etc. Philadelphia :
Name of publisher, distributor, etc. Wolters Kluwer ,
Date of publication, distribution, etc. 2024
300 ## - PHYSICAL DESCRIPTION
Extent xvii,507p. :
Other physical details ill. ;
Dimensions 28cm.
504 ## - BIBLIOGRAPHY, ETC. NOTE
Bibliography, etc Includes bibliographical references and index
650 ## - SUBJECT ADDED ENTRY--TOPICAL TERM
Topical term or geographic name as entry element Obstetrics
700 ## - ADDED ENTRY--PERSONAL NAME
Personal name Hueppchen Nancy
700 ## - ADDED ENTRY--PERSONAL NAME
Personal name Weiss Patrice M.
700 ## - ADDED ENTRY--PERSONAL NAME
Personal name Connolly AnnaMarie
942 ## - ADDED ENTRY ELEMENTS (KOHA)
Source of classification or shelving scheme
Classification part RG101 .O24 2024
Koha item type Hard Covered Materials
Holdings
Withdrawn status Lost status Source of classification or shelving scheme Damaged status Not for loan Home library Current library Shelving location Date acquired Source of acquisition Total Checkouts Full call number Barcode Date last seen Price effective from Koha item type
          MACHAKOS UNIVERSITY LIBRARY MACHAKOS UNIVERSITY LIBRARY Open shelf 21/05/2026 KNTCC   RG101 .O24 2024 40565 04/06/2026 04/06/2026 Hard Covered Materials
          MACHAKOS UNIVERSITY LIBRARY MACHAKOS UNIVERSITY LIBRARY Open shelf 21/05/2026 KNTCC   RG101 .O24 2024 40566 04/06/2026 04/06/2026 Hard Covered Materials
          MACHAKOS UNIVERSITY LIBRARY MACHAKOS UNIVERSITY LIBRARY Open shelf 21/05/2026 KNTCC   RG101 .O24 2024 40567 04/06/2026 04/06/2026 Hard Covered Materials
© Machakos University Library, Along The Highway, Machakos Wote Rd, Machakos, Kenya P.O. Box 136 - 90100 Machakos - Kenya

Tel: ( +254 ) 723 805829 OR Fax : 044-20353 OR Email: library@mksu.ac.ke